MARC

LEADER 00000nam0a2200000 4500
001 328091
005 20231102004027.0
035 |a (RuTPU)RU\TPU\book\353781 
090 |a 328091 
100 |a 20170210d1972 km y0rusy50 ca 
101 0 |a rus 
102 |a RU 
105 |a a z 001zy 
200 1 |a Рудничная аппаратура защиты от утечек тока и ее проверка в условиях эксплуатации  |f В. П. Колосюк 
210 |a Москва  |c Недра  |d 1972 
215 |a 79 с.  |c ил. 
225 1 |a Библиотека электрослесаря горных предприятий 
320 |a Библиогр.: с. 77 
606 1 |a Электрические сети, рудничные  |x Защита от токов утечки  |2 stltpush  |3 (RuTPU)RU\TPU\subj\27512  |9 51253 
610 1 |a рудничная аппаратура 
610 1 |a защита 
610 1 |a утечки 
610 1 |a ток 
610 1 |a проверка 
610 1 |a эксплуатация 
610 1 |a электроэнергия 
610 1 |a технические средства 
610 1 |a измерения 
610 1 |a проверки 
610 1 |a реле 
610 1 |a шахты 
610 1 |a испытания 
675 |a 622.47  |v 4 
700 1 |a Колосюк  |b В. П.  |g Владимир Петрович 
801 1 |a RU  |b 63413507  |c 20170210 
801 2 |a RU  |b 63413507  |c 20170215  |g RCR 
942 |c BK